مدخل مبسط إلى مفهوم الحركة الموجية / (Record no. 6248)

MARC details
000 -الفاتح
حقل البيانات ثابتة الطول 01250nac a22002891i 4500
003 - محدد رقم الضبط
رقم الضبط EG-ScBUE
005 - وقت وتاريخ اخر تعامل مع التسجيلة
رقم الضبط 20260510131453.0
008 - عناصر البيانات ثابتة الطول - معلومات عامة
حقل البيانات ثابتة الطول 101109s1991 jo a frb 000 0 ara d
040 ## - مصدر الفهرسة
وكالة الفهرسة الأصلية EG-ScBUE
لغة الفهرسة ara
قواعد الوصف rda
وكالة النسخ EG-ScBUE
وكالة التعديل EG-ScBUE
082 04 - رقم تصنيف ديوى العشرى
رقم التصنيف 530.124
رقم المادة غ ص ي
رقم الطبعة 22
100 1# - المدخل الرئيسى - إسم شخصى
الإسم الشخصى غصيب، هشام،
9 (RLIN) 21092
الدور مؤلف.
245 10 - بيان العنوان
العنوان مدخل مبسط إلى مفهوم الحركة الموجية /
بيان المسئوليه,etc الدكتور هشام غصيب، الجمعية العلمية الملكية.
246 33 - العنوان الموازى
عنوان صحيح/عنوان مختصر الحركة الموجية
250 ## - بيان الطبعة
بيان الطبعة الطبعة الأولى.
264 ## - النشر، التوزيع
مكان الناشر او الموزع عمان، الأردن :
اسم الناشر او الموزع الجمعية العلمية الملكية،
تاريخ النشر أو التوزيع 1991.
300 ## - الوصف المادى
التعداد 178 صفحة :
تفاصيل ماديه اخرى للوعاء إيضاحيات ؛
أبعاد الوعاء 24 سم.
336 ## - نوع المحتوى
source rdacontent
Carrier Type Term نص
Content Type Code txt
337 ## - نوع الوسيط
Media Type Term بدون وسيط
source rdamedia
Media Type Code n
338 ## - نوع الحامل أو الناقل
Carrier Type Term مجلد
Carrier Type Code nc
source rdacarrier
490 0# - بيان السلسلة
عنوان السلسلة مشروع الدراسات والبحوث العلمية
504 ## - تبصرة ببليوجرافية
تبصرة ببليوجرافية,الخ يشتمل على إرجاعات ببليوجرافية.
541 ## - تبصرة المصدر المباشر للتزويد
مصدر التزويد إهداء ؛
طريقة التزويد مكتبة الإسكندرية ؛
650 #7 - المدخل الاضافى بالموضوع-مصطلح موضوعى
مصطلح موضوعي أو اسم جغرافي كعنصر مدخل الميكانيكا الموجية.
9 (RLIN) 21542
مصدر الرأس أو المصطلح BUEsh
650 #7 - المدخل الاضافى بالموضوع-مصطلح موضوعى
مصطلح موضوعي أو اسم جغرافي كعنصر مدخل الإحصاء الكمي.
9 (RLIN) 21543
مصدر الرأس أو المصطلح BUEsh
655 ## - مصطلح تكشيفى-نوع/شكل
التقسيم الفرعي الشكلي Reading book
942 ## - عناصر المدخل الإضافي( كوها)
Koha [default] item type Book - Borrowing
سابقة رقم الطلب 530.124 غ ص ي
مصدر التصنيف او مخطط الترفيف Dewey Decimal Classification
Holdings
حالة التراجع حالة الفقد مصدر التصنيف او خطة الترفيف حالة تلف ليس للاعارة مجموعات كوها المكان الدائم المكان الحالي موقع الترفيف تاريخ الاكتساب Source of acquisition رقم الاستدعاء الباركود Date last seen نوع الوعاء
    Dewey Decimal Classification     مكتبة الاسكندرية Central Library Central Library First floor 26/11/2007 Donation 530.124 غ ص ي 000007793 15/07/2025 Book - Borrowing
    Dewey Decimal Classification     مكتبة الاسكندرية Central Library Central Library First floor 26/11/2007 Donation 530.124 غ ص ي 000007958 15/07/2025 Book - Borrowing
    Dewey Decimal Classification     مكتبة الاسكندرية Central Library Central Library First floor 26/11/2007 Donation 530.124 غ ص ي 000007959 15/07/2025 Book - Borrowing